| Tag |
First Indicator |
Second Indicator |
Subfields |
| LEADER |
00000nam a2200000 i 4500 |
| 001 |
in00004675021 |
| 003 |
OCoLC |
| 005 |
20230418004431.6 |
| 006 |
m o d |
| 007 |
cr cnu---unuuu |
| 008 |
220921t20232023enkab ob 001 0 eng |
| 010 |
|
|
|a 2022045340
|
| 024 |
8 |
|
|a 40031694790
|
| 040 |
|
|
|a DLC
|b eng
|e rda
|c DLC
|d TYFRS
|d OCLCF
|d UKAHL
|d N$T
|d UKMGB
|d YDX
|
| 020 |
|
|
|a 9781003159308
|q electronic book
|
| 020 |
|
|
|a 1003159303
|q electronic book
|
| 020 |
|
|
|a 9781000849806
|q electronic book
|
| 020 |
|
|
|a 1000849805
|q electronic book
|
| 020 |
|
|
|a 9781000849790
|q electronic book
|
| 020 |
|
|
|a 1000849791
|q electronic book
|
| 020 |
|
|
|z 9780367747367
|q hardcover
|
| 020 |
|
|
|z 9780367747381
|q paperback
|
| 035 |
|
|
|a (OCoLC)1356576774
|
| 037 |
|
|
|a 9781003159308
|b Taylor & Francis
|
| 042 |
|
|
|a pcc
|
| 043 |
|
|
|a a-cc-hk
|a a-cc---
|
| 050 |
|
4 |
|a HF1604
|b .H66 2023
|
| 072 |
|
7 |
|a POL
|x 054000
|2 bisacsh
|
| 072 |
|
7 |
|a POL
|x 011000
|2 bisacsh
|
| 072 |
|
7 |
|a POL
|x 000000
|2 bisacsh
|
| 072 |
|
7 |
|a JP
|2 bicssc
|
| 082 |
0 |
0 |
|a 382/.30951
|2 23/eng/20221228
|
| 245 |
0 |
0 |
|a Hong Kong professional services and the Belt and Road Initiative :
|b challenges for co-evolving sustainability /
|c edited by Linda Chelan Li and Phyllis Lai Lan Mo.
|
| 264 |
|
1 |
|a Abingdon, Oxon ;
|a New York, NY :
|b Routledge,
|c 2023.
|
| 264 |
|
4 |
|c ©2023
|
| 300 |
|
|
|a 1 online resource ( xvii, 247 pages) :
|b illustrations, maps.
|
| 336 |
|
|
|a text
|b txt
|2 rdacontent
|
| 337 |
|
|
|a computer
|b c
|2 rdamedia
|
| 338 |
|
|
|a online resource
|b cr
|2 rdacarrier
|
| 490 |
1 |
|
|a Routledge series on the Belt and Road Initiative
|
| 504 |
|
|
|a Includes bibliographical references and index.
|
| 545 |
0 |
|
|a Linda Chelan Li is a Professor at the Department of Public and International Affairs and Director of the Research Centre for Sustainable Hong Kong, City University of Hong Kong. Phyllis Lai Lan Mo is a Professor at the Department of Accountancy and Associate Director of the Research Centre for Sustainable Hong Kong, City University of Hong Kong.
|
| 588 |
|
|
|a Description based on online resource; title from digital title page (viewed on April 17, 2023).
|
| 610 |
2 |
0 |
|a Yi dai yi lu (Initiative : China)
|
| 650 |
|
0 |
|a Trade routes
|z China
|z Hong Kong.
|
| 650 |
|
7 |
|a POLITICAL SCIENCE / International Relations / General
|2 bisacsh
|
| 650 |
|
7 |
|a POLITICAL SCIENCE / General
|2 bisacsh
|
| 610 |
2 |
7 |
|a Yi dai yi lu (Initiative : China)
|2 fast
|0 (OCoLC)fst02048237
|
| 650 |
|
7 |
|a Trade routes.
|2 fast
|0 (OCoLC)fst01153852
|
| 651 |
|
7 |
|a China
|z Hong Kong.
|2 fast
|0 (OCoLC)fst01260796
|
| 655 |
|
7 |
|a Electronic books.
|2 local
|
| 700 |
1 |
|
|a Li, Linda Chelan,
|e editor.
|
| 700 |
1 |
|
|a Mo, Phyllis Lai Lan,
|d 1959-
|e editor.
|
| 710 |
2 |
|
|a Taylor & Francis
|
| 776 |
1 |
8 |
|i Print version:
|t Hong Kong professional services and the Belt and Road Initiative
|d Abingdon, Oxon ; New York, NY : Routledge, 2023
|z 9780367747367
|w (DLC) 2022045339
|
| 830 |
|
0 |
|a Routledge series on the Belt and Road Initiative.
|
| 856 |
4 |
0 |
|u http://proxy.library.tamu.edu/login?url=https://www.taylorfrancis.com/books/9781003159308
|z Connect to the full text of this electronic book
|t 0
|
| 945 |
|
|
|b 678421
|
| 955 |
|
|
|a YBP purchased approval e-records
|
| 980 |
|
|
|b ebook
|c 40031694790
|f NONFIC/B
|g 565751
|k USD
|m 180.00
|q 1
|s AcqMono Conventional
|t Approval plan
|u Vendor order reference number
|v ZYBP
|y E-approvals
|z Electronic resource
|
| 999 |
f |
f |
|i eb69f1c7-fb5f-4549-8ad9-0e31f65b8e3a
|s cfba7553-97fe-4a87-9a3d-dfdfb218937d
|t 0
|
| 952 |
f |
f |
|a Texas A&M University
|b College Station
|c Electronic Resources
|s www_evans
|d Available Online
|t 0
|e HF1604 .H66 2023
|h Library of Congress classification
|